000
00321nam a2200133Ia 4500
008
231017s9999 xx 000 0 und d
082
_a
624.15422
082
_b
BRO
245
0
_a
NCHRP Report 461: Static and Dynamic Lateral Loading of Pile Groups
245
0
_c
TRB
260
_b
TRB
300
_c
30cm
942
_c
REP
999
_c
603817
_d
603817